Visualizzazione normale
Vista MARC
- Villa Claudio
di Personal Name
Records bibliografici associati: 1
001 - CONTROL NUMBER
- control field: 11616
003 - CONTROL NUMBER IDENTIFIER
- control field: IT-RoPau
005 - DATE AND TIME OF LATEST TRANSACTION
- control field: 20140131144903.0
008 - FIXED-LENGTH DATA ELEMENTS
- fixed length control field: 140131|| aca||aabn | a|a d
040 ## - CATALOGING SOURCE
- Original cataloging agency: IT-RoPau
- Transcribing agency: IT-RoPau
100 ## - HEADING--PERSONAL NAME
- Personal name: Villa Claudio
- Miscellaneous information: Codice interprete SPICS: 1155
- Relator term: Interprete
670 ## - SOURCE DATA FOUND
- Source citation: Work cat.: (IT-RoPau)99861: AA.VV. 794, Antologia della canzone italiana sino al 1910